000 00410pab a2200169 454500
008 180718b2018 xxu||||| |||| 00| 0 eng d
100 _aShivay, Y.S.
245 _aTechnological innovations for agriculture
260 _c2018
300 _ap.40-44.
362 _aFeb
650 _aAgriculture-Innovation
650 _aAgriculture
700 _aSingh, Teekam
773 _aKurukshetra
909 _a117138
999 _c117132
_d117132